| Registos Bibliográficos associados ao registo de autoridade |
|
Etiqueta de registo: 00254nam 2200025 450 001 2286783 003 http://id.bnportugal.gov.pt/bib/catbnp/2286783 010 ## $a978-989-9309-49-4 021 ## $aPT$b556978/25 100 ## $a20250525d2025 m y0pory01030103ba 101 1# $afre$cpor 102 ## $aPT 105 ## $ay z 000yy 106 ## $ar 200 1# $aLivraria Lello Curates Gastronomie Portugais$fTeresa Castro Viana, Vitória Baptista$gfot. José Guilherme Marques... [et al.]$gil. Andrea Rubele$gtrad. Odete Collas 205 ## $a1ère éd 210 #9 $aPorto$cLivraria Lello,$d2025 215 ## $a197, [3] p.$cil.$d23 cm 700 #1 $aViana,$bTeresa Castro$31961094 701 #1 $aBaptista,$bVitória$4070$31961095 701 #1 $aRubele,$bAndrea$4440$31961097 701 #1 $aCollas,$bOdette$4730$31648881 702 #1 $aMarques,$bJosé Guilherme$4600$4730$31815630 801 #0 $aPT$bBN$gRPC 966 ## $lBN$mFGMON$x1 966 ## $lBN$mFGMON$x1 971 ## $cjbeatriz$d20260525
Etiqueta de registo: 00254nam 2200025 450 001 2286823 003 http://id.bnportugal.gov.pt/bib/catbnp/2286823 010 ## $a978-989-9309-50-0 021 ## $aPT$b556795/25 100 ## $a20250525d2025 m y0pory01030103ba 101 1# $ager$cpor 102 ## $aPT 105 ## $ay z 000yy 106 ## $ar 200 1# $aLivraria Lello Curates Portugiesische Gastronomie Portugais$fTeresa Castro Viana, Vitória Baptista$gfot. José Guilherme Marques... [et al.]$gil. Andrea Rubele$gtrad. Markus Sahr 205 ## $a1 Auflage 210 #9 $aPorto$cLivraria Lello,$d2025 215 ## $a197, [3] p.$cil.$d23 cm 700 #1 $aViana,$bTeresa Castro$31961094 701 #1 $aBaptista,$bVitória$4070$31961095 701 #1 $aRubele,$bAndrea$4440$31961097 701 #1 $aSahr,$bMarkus,$f1962-$4730$31180646 702 #1 $aMarques,$bJosé Guilherme$4730$31815630 801 #0 $aPT$bBN$gRPC 966 ## $lBN$mFGMON$x1 966 ## $lBN$mFGMON$x1 971 ## $cjbeatriz$d20260525
Etiqueta de registo: 00254nam 2200025 450 001 2286827 003 http://id.bnportugal.gov.pt/bib/catbnp/2286827 010 ## $a978-989-9309-48-7 021 ## $aPT$b556797/25 100 ## $a20260525d2025 m y0pory01030103ba 101 1# $aspa$cpor 102 ## $aPT 105 ## $ay z 000yy 106 ## $ar 200 1# $aLivraria Lello Curates Gastronomía Portuguesa$fTeresa Castro Viana, Vitória Baptista$gfot. José Guilherme Marques... [et al.]$gil. Andrea Rubele$gtrad. David González 205 ## $a1ª ed 210 #9 $aPorto$cLivraria Lello,$d2025 215 ## $a197, [3] p.$cil.$d23 cm 700 #1 $aViana,$bTeresa Castro$31961094 701 #1 $aBaptista,$bVitória$4070$31961095 701 #1 $aRubele,$bAndrea$4440$31961097 701 #1 $aCollas,$bOdette$4730$31648881 701 #1 $92$aGonzález,$bDavid$4730$31800554 702 #1 $aMarques,$bJosé Guilherme$4600$31815630 801 #0 $aPT$bBN$gRPC 966 ## $lBN$mFGMON$x1 966 ## $lBN$mFGMON$x1 971 ## $cjbeatriz$d20260525
Etiqueta de registo: 00230nam 2200025 450 001 2077268 003 http://id.bnportugal.gov.pt/bib/catbnp/2077268 021 ## $aPT$b484521/21 100 ## $a20210728d2021 m d0pory01030103ba 101 0# $apor 102 ## $aPT 105 ## $aa z 000yy 106 ## $ar 200 1# $a Um bom dia é um dia de pataniscas$fed. e fot. José Guilherme Marques$eentrevista Luís Sobreiro, José Guilherme$gil. Liliana Alves 210 #9 $a[S.l.]$c José Guilherme Marques,$dD.L. 2021 215 ## $a[47] p.$cil.$d20 cm 675 ## $a641.55(083.1)$vBN$zpor$3984960 675 ## $a641.55(047.53)$vBN$zpor$31818735 702 #1 $aMarques,$bJosé Guilherme$4340$31815630 702 #1 $aSobreiro,$bLuís$4460$31815631 702 #1 $910$aMonteiro$bCarlos$4460$31815633 702 #1 $aAlves,$bLiliana$4440$31485619 801 #0 $aPT$bBN$gRPC 856 41 $uhttp://rnod.bnportugal.gov.pt/ImagesBN/winlibimg.aspx?skey=&doc=2077268&img=154305&save=true 900 ## $aBIBNAC$d20210921 966 ## $lBN$mFGMON$sS.A. 58633 P.$x1 966 ## $lBN$mFGMON$sS.A. 58633 P.-D$x1 971 ## $ccsilva $d20210728 972 ## $e2$d20210921$visantos 973 ## $caalmeid$d20210901
Etiqueta de registo: 00254nam 2200025 450 001 2287437 003 http://id.bnportugal.gov.pt/bib/catbnp/2287437 010 ## $a978-989-9309-46-3 021 ## $aPT$b556793/25 100 ## $a20260602d2025 m y0pory01030103ba 101 0# $apor 102 ## $aPT 105 ## $ay z 000yy 106 ## $ar 200 1# $aLivraria Lello Curates Gastronomia Portuguesa$fTeresa Castro Viana, Vitória Baptista$gfot. José Guilherme Marques... [et al.]$gil. Andrea Rubele 205 ## $a1ª ed 210 #9 $aPorto$cLivraria Lello,$d2025 215 ## $a197, [3] p.$cil.$d23 cm 700 #1 $aViana,$bTeresa Castro$31961094 701 #1 $aBaptista,$bVitória$4070$31961095 701 #1 $aRubele,$bAndrea$4440$31961097 701 #1 $aCollas,$bOdette$4730$31648881 702 #1 $aMarques,$bJosé Guilherme$4600$31815630 801 #0 $aPT$bBN$gRPC 966 ## $lBN$mFGMON$x1 966 ## $lBN$mFGMON$x1 971 ## $cjbeatriz$d20260602
Etiqueta de registo: 00254nam 2200025 450 001 2287424 003 http://id.bnportugal.gov.pt/bib/catbnp/2287424 010 ## $a978-989-9309-51-7 021 ## $aPT$b556796/25 100 ## $a20260602d2025 m y0pory01030103ba 101 1# $aita$cpor 102 ## $aPT 105 ## $ay z 000yy 106 ## $ar 200 1# $aLivraria Lello Curates Gastronomia Portoghese$fTeresa Castro Viana, Vitória Baptista$gfot. José Guilherme Marques... [et al.]$gil. Andrea Rubele$gtrad. Gianluca Miraglia 205 ## $a1ª ed 210 #9 $aPorto$cLivraria Lello,$d2025 215 ## $a197, [3] p.$cil.$d23 cm 700 #1 $aViana,$bTeresa Castro$31961094 701 #1 $aBaptista,$bVitória$4070$31961095 701 #1 $aRubele,$bAndrea$4440$31961097 701 #1 $aCollas,$bOdette$4730$31648881 702 #1 $aMarques,$bJosé Guilherme$4600$31815630 702 #1 $aMiraglia,$bGianluca,$f1963-$4730$381756 801 #0 $aPT$bBN$gRPC 966 ## $lBN$mFGMON$x1 966 ## $lBN$mFGMON$x1 971 ## $cjbeatriz$d20260525
Etiqueta de registo: 00254nam 2200025 450 001 2287788 003 http://id.bnportugal.gov.pt/bib/catbnp/2287788 010 ## $a978-989-9309-47-0 021 ## $aPT$b556794/25 100 ## $a20260612d2025 m y0pory01030103ba 101 0# $aeng 102 ## $aPT 105 ## $aa z 000yy 106 ## $ar 200 1# $aLivraria Lello curates portuguese gastronomy$fTeresa Castro Viana, Vitória Baptista$gphot. José Guilherme Marques... [et al.]$gil. Andrea Rubele$gtransl. Alison Burrows 205 ## $a1st ed 210 #9 $aPorto$cLivraria Lello,$d2025 215 ## $a197, [3] p.$cil.$d23 cm 700 #1 $aViana,$bTeresa Castro$31961094 701 #1 $aBaptista,$bVitória$4070$31961095 702 #1 $aMarques,$bJosé Guilherme$4600$31815630 702 #1 $aRubele,$bAndrea$4440$31961097 702 #1 $aBurrows,$bAlison B.$4730$31738664 801 #0 $aPT$bBN$gRPC 966 ## $lBN$mFGMON$x1 966 ## $lBN$mFGMON$x1 971 ## $cabrito$d20260612
|
|
|